01102cam a22002531 4500001001300000003000400013005001700017008004100034010001700075035002000092040002100112042001200133050002300145100003500168245017700203260009200380300005500472410009500527500012100622504003800743650002400781650002600805999001700831gs 21000442 DLC20260227111326.0891016s1921 ag af b 000 0 spa  ags 21000442  a(OCoLC)20496202 aDLCcCUdCUdDLC apremarc00aQE231b.A28 no. 251 aWichmann, Richard,d1881-1930.00aEstudio geológico de la zona de reserva de la explotación nacional de petróleo en comodoro Rivadavia (Territorio nacional del Chubut)cpor el doctor Ricardo Wichmann. aBuenos Aires,bTalleres gráficos del Ministerio de agricultura de la nación,c1921. a1 p. l., 18, [1] p.b3 fold. pl. (diagrs.)c27 cm.10aArgentina.bDirección General de Minas y Geología.tBoletinvno. 25. Ser. B (Geologia) aAt head of title: Ministerio de agricultura de la nación. Dirección general de minas, geología e hidrología. a"Bibliografia": 1 p. after p. 18. 0aGeologyzArgentina. 0aPetrologyzArgentina. c26136d26136